000
00208 a2200097 4500
001
18592
100
_a
Jang Sher
245
_a
Tarikh-e-inqilab roos
260
_a
_b
Kitab manzil
_c
1947
090
_c
13820
_d
13820
942
_a
NUST-CAE
_c
M
_c
4248
999
_c
253665
_d
253665